000 00434nam a2200121Ia 4500
008 170221s9999 xx 000 0 und d
245 _aSocial Responsibility and Financial Performance: Evidence from Goods and Service Firms in Mexico
260 _bInternational Journal of Management and Marketing Reseach
260 _c2016
300 _a9 : 2
650 _xMarketing.
856 _uhttp://www.theibfr.com/ARCHIVE/IJMMR-V9N2-2016.pdf
999 _c308473
_d308473